Mitchell Shadden

Texas A


Categories

History - European History23115572102.4035
History - American History05025069101.6035
Pop Culture1201353676.0023
Science - Other Science1200357594.6723
Literature - American Literature1200355597.3323
Fine Arts - Auditory Fine Arts030230126131.6713
Mythology031125101113.0013
Fine Arts - Visual Fine Arts03102592113.0023
Science - Physics0200209395.5012
Social Science020020118120.5002
History - Other History0200208798.0012
Science - Chemistry021115122123.0002
Literature - British Literature010010115115.0001
History - World History010010121121.0001
Current Events010110128128.0001
Literature - European Literature0100109090.0011
Philosophy0100108484.0011
Science - Biology010010123123.0001
Fine Arts - Other Fine Arts0020-100.0000

Buzzes

Pop Culture1970s1536
Literature - American LiteratureCalifornia1555
History - American HistoryMississippi River1069
History - European HistoryOtto1572
Mythologybuffalo-573
Science - Other Sciencehydrogen1575
History - American History1860s1077
History - European HistoryRichard II1582
PhilosophyAztec1084
History - Other HistoryMuhammad1087